| 000 | 01653cam a2200469 a 4500 | ||
|---|---|---|---|
| 001 | 14056205 | ||
| 003 | OSt | ||
| 005 | 20140410093255.0 | ||
| 008 | 050728s2005 nyu c 000 1 eng d | ||
| 010 | _a 2005299400 | ||
| 020 | _a0786856297 | ||
| 035 | _a(OCoLC)ocm60786141 | ||
| 040 |
_aN$V _cN$V _dVP@ _dBAKER _dEHH _dDLC |
||
| 042 |
_alcac _alccopycat |
||
| 050 | 0 | 0 |
_aPZ 7 _b.R585Lt 2006 |
| 100 | 1 |
_aRiordan, Rick. _918585 |
|
| 245 | 1 | 4 |
_aThe lightning thief / _cRick Riordan. |
| 250 | _a1st ed. | ||
| 260 |
_aNew York : _bMiramax Books/Hyperion Books for Children, _cc2006. |
||
| 300 |
_a377 p. ; _c22 cm. |
||
| 490 | 1 |
_aPercy Jackson & the Olympians ; _vbk. 1 |
|
| 521 |
_aG5 _bLexile |
||
| 526 | _c740 | ||
| 562 | _eFor circulation two copies in the circulation | ||
| 650 | 0 |
_aMythology, Greek _vJuvenile fiction. _923608 |
|
| 650 | 1 |
_aMythology, Greek _vFiction. _923609 |
|
| 650 | 1 |
_aCamps _vFiction. _923610 |
|
| 650 | 1 |
_aFriendship _vFiction. _923611 |
|
| 650 | 1 |
_aFathers and sons _vFiction. _923612 |
|
| 650 | 1 |
_aPoseidon (Greek deity) _vFiction. _923613 |
|
| 650 | 1 |
_aHades (Greek deity) _vFiction. _923614 |
|
| 650 | 1 |
_aZeus (Greek deity) _vFiction. _923615 |
|
| 655 | 7 |
_aFantasy fiction. _2gsafd _93053 |
|
| 800 | 1 |
_aRiordan, Rick. _tPercy Jackson & the Olympians ; _vbk. 1. _923616 |
|
| 856 | 4 | 2 |
_3Publisher description _uhttp://www.loc.gov/catdir/enhancements/fy0912/2005299400-d.html |
| 906 |
_a7 _bcbc _ccopycat _d2 _encip _f20 _gy-gencatlg |
||
| 942 |
_2lcc _cBK |
||
| 999 |
_c33603 _d33603 |
||